Geometrie : pro 4. ročník : Matýskova matematika /

Hlavní autor: Novotný, Miloš
Další autoři: Novák, František, Bašar, Martin, Hrdinová, Jarmila
Jazyk: Čeština
Vydáno: Brno : Nová škola, s.r.o., 2015-2017
Vydání: První vydání
Edice: Duhová řada
Témata:
Fyzický popis: 4 svazky : ilustrace (některé barevné) ; 21-30 cm
Odebírané svazky: učebnice, doplňovací sešit k učebnice, pracovní sešit, metodický průvodce
Knihy
Uloženo v:
LEADER 03744nam a2200721 ia4500
001 nkc20152769841
003 CZ PrNK
005 20220425145154.0
007 ta
008 151228m20152017xr a c pf 000 0 cze
015 |a cnb002769841 
020 |a 978-80-7289-751-3  |q (učebnice ;  |q brožováno) 
020 |a 978-80-7289-756-8  |q (doplňovací sešit k učebnici ;  |q brožováno) 
020 |a 978-80-7289-754-4  |q (pracovní sešit ;  |q brožováno) 
020 |a 978-80-7289-897-8  |q (metodický průvodce s výsledky cvičení ;  |q brožováno) 
035 |a (OCoLC)939572835 
040 |a ABA001  |b cze  |e rda 
072 7 |a 514  |x Geometrie  |2 Konspekt  |9 13 
072 7 |a 37.016  |x Učební osnovy. Vyučovací předměty. Učebnice  |2 Konspekt  |9 22 
080 |a 514  |2 MRF 
080 |a (075.2)  |2 MRF 
080 |a (076.1)  |2 MRF 
080 |a (072)  |2 MRF 
100 1 |a Novotný, Miloš  |7 mzk2013757672  |4 aut 
245 1 0 |a Geometrie :  |b pro 4. ročník : Matýskova matematika /  |c Miloš Novotný, František Novák ; ilustroval Martin Bašar 
246 3 |a Geometrie pro 4. ročník 
246 3 |a Geometrie - Matýskova matematika pro 4. ročník 
246 3 0 |a Matýskova matematika 
250 |a První vydání 
264 1 |a Brno :  |b Nová škola, s.r.o.,  |c 2015-2017 
300 |a 4 svazky :  |b ilustrace (některé barevné) ;  |c 21-30 cm 
336 |a text  |b txt  |2 rdacontent 
337 |a bez média  |b n  |2 rdamedia 
338 |a svazek  |b nc  |2 rdacarrier 
490 1 |a Duhová řada 
500 |a Název z obálky 
500 |a Učebnice pro základní školy vytvořená v souladu s RVP ZV 
500 |a Edice v publikacích vyjádřena pouze barevným logem 
505 0 |a učebnice. 2015. 64 stran -- doplňovací sešit k učebnici. 2015. 16 stran -- pracovní sešit. 2015. 48 stran -- metodický průvodce s výsledky cvičení / Jarmila Hrdinová. 2017. 72 stran 
650 0 7 |a geometrie  |7 ph114624  |2 czenas 
650 0 9 |a geometry  |2 eczenas 
655 7 |a učebnice základních škol  |7 fd133773  |2 czenas 
655 7 |a pracovní sešity  |7 fd133116  |2 czenas 
655 7 |a metodické příručky  |7 fd132826  |2 czenas 
655 9 |a textbooks (elementary)  |2 eczenas 
655 9 |a activity books  |2 eczenas 
655 9 |a methodological manuals  |2 eczenas 
700 1 |a Novák, František  |7 mzk2013757675  |4 aut 
700 1 |a Bašar, Martin  |7 jo2016897431  |4 ill 
700 1 |a Hrdinová, Jarmila  |7 jo2015866429  |4 aut 
830 0 |a Duhová řada  |0 s 
910 2 |a BOA001  |b 4-1361.877  |s učebnice, doplňovací sešit k učebnice, pracovní sešit, metodický průvodce 
990 |a BK 
995 |a 01 
991 |b 201707  |c NOV 
996 6 |b 2610659906  |c 4-1361.877  |d 1, učebnice  |v 1  |l MZK  |r Sklad / do 1 hodiny  |n 1  |p p.v.  |w 001545209  |u 000010  |a 1  |e BOA001  |j MZK50  |s P 
996 7 |b 2610659907  |c 4-1361.877  |d 1, učebnice  |v 1  |l MZK  |r Sklad / do 1 hodiny  |n 4  |p p.v.  |w 001545209  |u 000020  |a 1  |e BOA001  |j MZK50  |s A 
996 6 |b 2610659908  |c 4-1361.877  |d 2, doplňovací sešik k učebnici  |v 2  |l MZK  |r Sklad / do 1 hodiny  |n 1  |p p.v.  |w 001545209  |u 000030  |a 1  |e BOA001  |j MZK50  |s P 
996 7 |b 2610659909  |c 4-1361.877  |d 2, doplňovací sešik k učebnici  |v 2  |l MZK  |r Sklad / do 1 hodiny  |n 1  |p p.v.  |w 001545209  |u 000040  |a 1  |e BOA001  |j MZK50  |s A 
996 6 |b 2610659910  |c 4-1361.877  |d 3, pracovní sešit  |v 3  |l MZK  |r Sklad / do 1 hodiny  |n 1  |p p.v.  |w 001545209  |u 000050  |a 1  |e BOA001  |j MZK50  |s P 
996 7 |b 2610659911  |c 4-1361.877  |d 3, pracovní sešit  |v 3  |l MZK  |r Sklad / do 1 hodiny  |n 3  |p p.v.  |w 001545209  |u 000060  |a 1  |e BOA001  |j MZK50  |s A 
996 6 |b 2610713725  |c 4-1361.877  |d 4, metodický průvodce  |v 4  |l MZK  |r Sklad / do 1 hodiny  |n 1  |p p.v.  |w 001545209  |u 000070  |a 1  |e BOA001  |j MZK50  |s P 
996 7 |b 2610713726  |c 4-1361.877  |d 4, metodický průvodce  |v 4  |l MZK  |r Sklad / do 1 hodiny  |n 2  |p p.v.  |w 001545209  |u 000080  |a 1  |e BOA001  |j MZK50  |s A